| 000 | 00507nam a2200181Ia 4500 | ||
|---|---|---|---|
| 003 | OSt | ||
| 005 | 20251204105155.0 | ||
| 008 | 250729s2005 xx 000 0 und d | ||
| 040 | _cAL | ||
| 041 | _akan | ||
| 082 | _a894.51 SHAK | ||
| 100 |
_aಶಾಸ್ತ್ರಿ ವಿದ್ವಾನ್ ಜಿ ವ್ಹಿ _9225553 |
||
| 245 | _aಕರ್ನಾಟಕದ ಶ್ರೇಷ್ಟ ಕವಿಗಳು | ||
| 260 |
_aಗದಗ _c2005 |
||
| 300 | _a72p | ||
| 650 |
_aKannada _9225554 |
||
| 942 |
_2ddc _cBED |
||
| 999 |
_c236971 _d236971 |
||